[Event "Ubeda op"]
[Site "Ubeda"]
[Date "1997.??.??"]
[Round "5"]
[White "Filippov, Valerij"]
[Black "Perdomo, Carlos Andres"]
[Result "1-0"]
[WhiteElo "2510"]
[BlackElo "2330"]

1.Nf3 d5 2.d4 Nf6 3.c4 e6 4.g3 Be7 5.Bg2 O-O 6.O-O c6 7.Nc3 Nbd7 8.Nd2 b6
9.e4 dxc4 10.Nxc4 Ba6 11.b3 Rc8 12.Bf4 b5 13.Nd6 Ra8 14.e5 Nd5 15.Nxd5 cxd5
16.Qg4 f5 17.exf6 Rxf6 18.Be5 Nf8 19.Bxf6 Bxf6 20.Nf5 exf5 21.Qxf5 Bb7 22.Rac1 g6
23.Qg4 Qb6 24.Rc5 Rd8 25.Rfc1 Rd7 26.h4 a6 27.h5 Qe6 28.Qf4 Qe7 29.Bh3 Bg5
30.Qe5 Qxe5 31.dxe5 Bxc1 32.Bxd7 Nxd7 33.Rxc1 Nxe5 34.Rc7 Bc6 35.f4 Nf3+
36.Kf2 Nd4 37.h6 b4 38.g4 Bb5 39.Ke3 Ne6 40.Re7 d4+ 41.Ke4 Bd7 42.f5 gxf5+
43.gxf5 Kf8 44.Rxe6 Bxe6 45.fxe6 Ke7 46.Kxd4 Kxe6 47.Kc4 Kf6 48.Kxb4 Kg6
49.Kc5 Kxh6 50.b4 Kg5 51.a4 h5 52.b5 axb5 53.a5  1-0

[Event "Ubeda op"]
[Site "Ubeda"]
[Date "1997.??.??"]
[Round "7"]
[White "Mikhalevski, Victor"]
[Black "Pigusov, Evgeny"]
[Result "1/2-1/2"]
[WhiteElo "2535"]
[BlackElo "2565"]

1.d4 Nf6 2.c4 e6 3.g3 d5 4.Bg2 Be7 5.Nf3 O-O 6.O-O dxc4 7.Na3 Bxa3 8.bxa3 Nc6
9.Bb2 Nd5 10.Rc1 Nb6 11.e4 Bd7 12.Re1 Ne7 13.Ne5 Bb5 14.Qh5 Qe8 15.Bh3 f5
16.Qg5 h6 17.Qh4 Rf6 18.Bg2 c6 19.d5 cxd5 20.exd5 Nexd5 21.Nxc4 Bxc4 22.Bxf6 Nxf6
23.Rxc4 Nxc4 24.Qxc4 Rc8 25.Qb3 Kf7 26.Qxb7+ Qd7 27.Qb3 Rc5 28.Rd1 Qc7 29.Re1 Qb6
30.Qxb6 axb6 31.Rb1 Nd7 32.Bf1 Rc2 33.Bb5 Ne5 34.Bf1 Rxa2 35.Rxb6 Rxa3 36.Be2 Ra1+
37.Kg2 Ra2 38.Kf1 g5 39.f4 gxf4 40.gxf4 Ng4 41.Bxg4 fxg4 42.Kg1 Ra4 43.f5 exf5
44.Rxh6 Re4 45.Kf2 Re6 46.Rh4 Ra6 47.h3 Ra2+ 48.Kg1 g3 49.Rf4 Kf6 50.Rf3 g2
51.Rf2 Rxf2 52.Kxf2  1/2-1/2

[Event "Ubeda"]
[Site "Ubeda"]
[Date "1997.??.??"]
[Round "9"]
[White "Andersson, Ulf"]
[Black "Beliavsky, Alexander G"]
[Result "1/2-1/2"]
[WhiteElo "2655"]
[BlackElo "2665"]

1.d4 Nf6 2.Nf3 d5 3.c4 e6 4.g3 Be7 5.Bg2 O-O 6.O-O dxc4 7.Qc2 a6 8.Qxc4 b5
9.Qc2 Bb7 10.Bg5 Nbd7 11.Bxf6 Nxf6 12.Nbd2 Rc8 13.Nb3 c5 14.dxc5 Be4 15.Qc3 Bd5
16.Rfd1 Ne4 17.Qe1 Qc7 18.Nfd2 Bxb3 19.Nxb3 Nxc5 20.Rac1 Qb6 21.Qa5 Qxa5
22.Nxa5 Na4 23.Rxc8 Rxc8 24.Nc6 Bf6 25.Rd7 Nxb2 26.Ra7 Na4 27.Rxa6 Nc3 28.Kf1 Kf8
29.Ke1 g6 30.Ra7 e5 31.Kd2 e4 32.Ra6 Rc7 33.Ke3 Nxa2 34.Bxe4 Nc3 35.Bc2 Kg7
36.f4 Na4 37.Bxa4 bxa4 38.Ne5 Bxe5 39.fxe5 Rc4 40.Ra7 Kf8 41.h4  1/2-1/2

[Event "Vantaa We EtVaS"]
[Site "Vantaa"]
[Date "1997.??.??"]
[Round "3"]
[White "Keskisarja, Teemu"]
[Black "Salmensuu, Olli"]
[Result "1-0"]
[WhiteElo "2315"]
[BlackElo "2330"]

1.c4 e6 2.Nf3 d5 3.g3 Nf6 4.Bg2 Be7 5.d4 O-O 6.O-O dxc4 7.Qc2 c5 8.dxc5 Qd5
9.Na3 Nc6 10.Nxc4 Qxc5 11.Be3 Qh5 12.Rfd1 e5 13.Nd6 Ng4 14.Bc5 b6 15.Bxb6 Bd7
16.Bc5 Rab8 17.h3 Nf6 18.g4 Bxg4 19.hxg4 Nxg4 20.Ne4 f5 21.Ng3 Qg6 22.Bxe7 Nxe7
23.Qc7 f4 24.Rd6 Qe8 25.Ne4 Rxb2 26.Re6 Rxe2  1-0

[Event "Mikenas mem op"]
[Site "Vilnius"]
[Date "1997.??.??"]
[Round "?"]
[White "Gleizerov, Evgeny"]
[Black "Sulskis, Sarunas"]
[Result "1/2-1/2"]
[WhiteElo "2545"]
[BlackElo "2525"]

1.d4 Nf6 2.c4 e6 3.g3 d5 4.Bg2 Be7 5.Nf3 O-O 6.O-O dxc4 7.Nc3 c5 8.dxc5 Qc7
9.Nd2 Qxc5 10.Qa4 Bd7 11.Qxc4 Bc6 12.e4 Qh5 13.Qe2  1/2-1/2

[Event "Warsaw-ch"]
[Site "Warsaw"]
[Date "1997.??.??"]
[Round "1"]
[White "Kopylov, Mihail"]
[Black "Szymczak, Rafal"]
[Result "1-0"]
[WhiteElo "2365"]
[BlackElo "2105"]

1.d4 d5 2.Nf3 Nf6 3.c4 e6 4.g3 Be7 5.Bg2 O-O 6.O-O c6 7.Qc2 Nbd7 8.Nbd2 b6
9.Rd1 Bb7 10.e4 Nxe4 11.Nxe4 dxe4 12.Qxe4 Nf6 13.Qe2 Qc7 14.Bf4 Bd6 15.Ne5 Nd7
16.c5 Bxe5 17.Bxe5 Nxe5 18.dxe5 bxc5 19.Rac1 Qb6 20.b3 Rfd8 21.Be4 g6 22.h4 Rxd1+
23.Qxd1 Rd8 24.Qf3 Rd4 25.h5 gxh5 26.Bxh7+ Kxh7 27.Qxf7+ Kh8 28.Qxh5+ Kg8
29.Qe8+ Kg7 30.Qe7+ Kg8 31.Qxe6+ Kf8 32.Rc3 Qc7 33.Rf3+ Kg7 34.Qf6+ Kh7 35.Rf5 Qg7
36.Rh5+ Kg8  1-0

[Event "Warsaw-ch"]
[Site "Warsaw"]
[Date "1997.??.??"]
[Round "7"]
[White "Adamski, Jan"]
[Black "Pekacki, Stanislaw"]
[Result "1-0"]
[WhiteElo "2405"]
[BlackElo "2070"]

1.c4 e6 2.g3 d5 3.Bg2 Nf6 4.d4 Be7 5.Nf3 O-O 6.O-O dxc4 7.Qc2 a6 8.a4 Nc6
9.Qxc4 Qd5 10.Qd3 Qh5 11.Nc3 Rd8 12.Qc4 Ne8 13.Bf4 g5 14.Be3 Nb4 15.Bxg5 f6
16.Bf4 Nd5 17.Bd2 Kg7 18.e4 Nb6 19.Qb3 Rb8 20.Bf4 Na8 21.Rad1 Qf7 22.Rfe1 Bd7
23.e5 f5 24.d5 Kg6 25.h4 h6 26.Nd4 Ng7 27.dxe6 Bxe6 28.Nxe6 Rxd1 29.Rxd1 Qxe6
30.h5+ Kh7 31.Qxe6 Nxe6 32.Rd7 Re8 33.Nd5 Nb6 34.Rxe7+ Rxe7 35.Nxe7 Nxa4
36.Bxb7 Nec5 37.Bc8 Nxb2 38.Bxf5+ Kg7 39.Be3 Nbd3 40.Nc6 Kf7  1-0

[Event "Hoogovens-B"]
[Site "Wijk aan Zee"]
[Date "1997.??.??"]
[Round "9"]
[White "Atalik, Suat"]
[Black "Van der Sterren, Paul"]
[Result "0-1"]
[WhiteElo "2555"]
[BlackElo "2515"]

1.d4 Nf6 2.Nf3 d5 3.c4 e6 4.g3 Be7 5.Bg2 O-O 6.O-O dxc4 7.Qc2 a6 8.a4 Bd7
9.Nbd2 Bc6 10.a5 b5 11.axb6 cxb6 12.Nxc4 Be4 13.Qb3 Bd5 14.Qd3 Be4 15.Qb3 Bd5
16.Qd3 Nc6 17.Bd2 Be4 18.Qe3 Rc8 19.Rfc1 Bxf3 20.Bxf3 Nxd4 21.Bb7 Rb8 22.Bxa6 Ng4
23.Qd3 b5 24.Ba5 Qd5 25.Nb6 Qh5 26.h4 Rfd8 27.Nc8 Bxh4 28.Kg2 Bf6 29.Rh1 Qd5+
30.e4 Qb3 31.Qxb3 Nxb3 32.Bxd8 Bxd8 33.Rad1 Bf6 34.Rh5 g5 35.Nd6 h6 36.Bxb5 Nd4
37.Rd3 Nxb5 38.Rb3 Nxd6 39.Rxb8+ Kg7 40.Rb3 Bd4 41.Rd3 e5 42.Rh1 Nxe4 43.f3 Nc5
44.Rxd4 Ne3+ 45.Kf2 exd4 46.Ke2 Nc4 47.b4 d3+ 48.Kf2 Na4  0-1

[Event "Zadar op"]
[Site "Zadar"]
[Date "1997.??.??"]
[Round "5"]
[White "Tukmakov, Vladimir B"]
[Black "Delchev, Aleksander"]
[Result "1/2-1/2"]
[WhiteElo "2575"]
[BlackElo "2525"]

1.d4 Nf6 2.Nf3 e6 3.c4 d5 4.g3 Be7 5.Bg2 O-O 6.Qc2 Nc6 7.O-O Nb4 8.Qb3 dxc4
9.Qxc4 Qd5 10.Nbd2 c5 11.dxc5 Qxc5 12.a3 Nbd5 13.Ne5 Qd6 14.Ndf3 Nd7 15.Bf4 Nxf4
16.gxf4 Nb6 17.Qb3 Bd7 18.Nxd7 Nxd7 19.Rfd1 Qb6 20.Qxb6 Nxb6 21.Ne5 Rac8
22.Rac1 Rxc1 23.Rxc1 Rb8 24.Nd3 Bd6 25.b4 Nd7 26.e3  1/2-1/2

[Event "Zagreb"]
[Site "Zagreb"]
[Date "1997.??.??"]
[Round "11"]
[White "Ruck, Robert"]
[Black "Brumen, Dinko"]
[Result "1/2-1/2"]
[WhiteElo "2450"]
[BlackElo "2335"]

1.d4 d5 2.c4 e6 3.Nf3 Nf6 4.g3 Be7 5.Bg2 O-O 6.O-O dxc4 7.Ne5 Nc6 8.Nxc6 bxc6
9.Bxc6 Rb8 10.Nc3 Bb7 11.Bxb7 Rxb7 12.Rb1 Nd5 13.Bd2  1/2-1/2

[Event "Rishon Le Ziyyon 9798"]
[Site "Rishon Le Ziyyon"]
[Date "1998.01.02"]
[Round "9"]
[White "Zaichik, Gennadi"]
[Black "Soffer, Ram"]
[Result "0-1"]
[WhiteElo "2540"]
[BlackElo "2520"]

1.d4 Nf6 2.c4 e6 3.g3 d5 4.Bg2 Be7 5.Nf3 O-O 6.O-O dxc4 7.Na3 Bxa3 8.bxa3 Bd7
9.Qc2 Bc6 10.Qxc4 Nbd7 11.Bg5 Bd5 12.Qb4 b6 13.Rfd1 h6 14.Bxf6 Qxf6 15.Rac1 Rfc8
16.Qb1 Bb7 17.e4 Qe7 18.Qd3 Nf8 19.d5 Rd8 20.Qb3 Rac8 21.Nd4 e5 22.Nf5 Qf6
23.Qa4 a6 24.Qb4 Rd7 25.a4 Rcd8 26.a5 b5 27.Ne3 c6 28.Bh3 Rd6 29.a4 cxd5
30.axb5 axb5 31.Nf5 R6d7 32.exd5 Ne6 33.d6 Ng5 34.Bg4 Nf3+ 35.Bxf3 Bxf3 36.Ne3 Bxd1
37.Rxd1 Rxd6 38.Rxd6 Qxd6 39.Qxb5 Rb8 40.Qc4 Qb4 41.Qd5 Qb1+ 42.Kg2 Qb7 43.a6 Qxd5+
44.Nxd5 Ra8 45.Nb4 f5 46.Nc6 Kf8 47.a7 e4 48.h4 Kf7 49.Kf1 g6 50.Ke2 Ke6
51.Ke3 Kd6 52.Nd4 Kd5 53.h5 Rxa7 54.hxg6 Ra3+ 55.Kf4 Kxd4 56.Kxf5 e3 57.fxe3+ Rxe3
58.g4 Re5+  0-1

[Event "Zagreb op"]
[Site "Zagreb"]
[Date "1998.01.07"]
[Round "5"]
[White "Filipovic, Miroslav"]
[Black "Sitnik, Igor"]
[Result "0-1"]
[WhiteElo "2190"]
[BlackElo "2255"]

1.d4 d5 2.c4 e6 3.Nf3 Nf6 4.g3 Be7 5.Bg2 O-O 6.O-O Nbd7 7.b3 c6 8.Bb2 b5
9.cxd5 cxd5 10.a3 a5 11.Nc3 Qb6 12.Re1 Bb7 13.e3 Rfc8 14.Nd2 Rc7 15.a4 bxa4
16.Nxa4 Qa7 17.Nc3 Bc6 18.Ra2 Qb6 19.Qa1 Bb4 20.Rc1 Rac8 21.Bf1 e5 22.Nf3 e4
23.Ne5 Nxe5 24.dxe5 Ng4 25.Bh3 Bd7 26.Ne2 Qh6 27.Bxg4 Bxg4 28.Nf4 Rxc1+ 29.Bxc1 Qc6
30.Bb2 Bf3 31.h4 h6 32.Ng2 g5 33.Qb1 Qc2 34.Ra1 Qxb3 35.Bd4 Qxb1+ 36.Rxb1 Kh7
37.Ra1 Kg6 38.Bb6 Ra8 39.Ne1 Bxe1 40.Rxe1 a4 41.Rc1 a3 42.hxg5 hxg5 43.Kf1 a2
44.Bd4 Kf5 45.Ke1 Kg4 46.Kd2 Kh3 47.Ra1 Kg2 48.Ke1 Ra3 49.Bb2 Rd3 50.Bd4 Kh3
51.Rc1 Kg2 52.Ra1 g4 53.Bb2 Kg1 54.Bd4 Rb3 55.Rxa2 Rb1+ 56.Kd2 Kxf2 57.e6 fxe6
58.Be5 Rd1+ 59.Kc3+ Be2 60.Bd4 Kf3 61.Rc2 Bc4 62.Rh2 Rd3+ 63.Kb2 Rxe3 64.Bxe3  0-1

[Event "Ano Liosia op"]
[Site "Athens"]
[Date "1998.01.09"]
[Round "7"]
[White "Grivas, Efstratios"]
[Black "Dervishi, Erald"]
[Result "1-0"]
[WhiteElo "2495"]
[BlackElo "2450"]

1.d4 Nf6 2.c4 e6 3.Nf3 d5 4.g3 Be7 5.Bg2 O-O 6.O-O b6 7.cxd5 exd5 8.Nc3 Bb7
9.b3 Na6 10.Bb2 Ne4 11.Ne5 c5 12.Nxe4 dxe4 13.Qc2 Nb4 14.Qb1 f5 15.Rd1 Nd5
16.dxc5 Bxc5 17.a3 b5 18.b4 Bb6 19.Qa2 Qd6 20.Nd3 Rad8 21.Nc5 Bxc5 22.bxc5 Qxc5
23.Rac1 Qe7 24.Bd4 Qe6 25.Qb2 Rd7 26.Bxa7 e3 27.Bxe3 Nxe3 28.Rxd7 Qxd7 29.fxe3 Bxg2
30.Kxg2 Qd5+ 31.Kf2 h6 32.Qd4 Rd8 33.Rd1 Qxd4 34.exd4 Kf7 35.Kf3 Ke6 36.e4 fxe4+
37.Kxe4 Ra8 38.Rd3 g6 39.h4 Kd6 40.Rf3 Re8+ 41.Kd3 Ra8 42.Kc2 Ke6 43.Kb3 Ra4
44.Rf4 Rc4 45.d5+ Kxd5 46.Rxc4 bxc4+ 47.Kc3 g5 48.hxg5 hxg5  1-0

[Event "DEN-chT 9798"]
[Site "Denmark"]
[Date "1998.01.11"]
[Round "4"]
[White "Hamann, Svend"]
[Black "Greger, Roland"]
[Result "1-0"]
[WhiteElo "2375"]
[BlackElo "2310"]

1.d4 Nf6 2.Nf3 e6 3.g3 d5 4.Bg2 Be7 5.c4 O-O 6.O-O dxc4 7.Qc2 a6 8.a4 Nc6
9.Qxc4 e5 10.dxe5 Be6 11.Qh4 Ng4 12.Ng5 Bxg5 13.Bxg5 Qd4 14.Bxc6 bxc6 15.Nc3 Qxe5
16.Bf4 Qa5 17.Ne4 Rfe8 18.Bd2 Qf5 19.f3 Bd5 20.Nc3 Ne3 21.Bxe3 Rxe3 22.Qd4 Rae8
23.Rad1 Qh3 24.Rf2 h5 25.Nxd5 cxd5 26.Qxd5 h4 27.g4 g6 28.Qc4 R8e6 29.Rd8+ Kg7
30.Rd7 c5 31.Qf4 Re7 32.Rxe7 Rxe7 33.Qd6 Re6 34.Qxc5 f5 35.g5 Kf7 36.b4 Re7
37.Qd5+ Re6 38.b5 axb5 39.axb5 f4 40.Rf1 Qf5 41.Qxf5+ gxf5 42.Kf2 Ke7 43.Rb1 Rb6
44.Rb4 h3 45.e3 fxe3+ 46.Kxe3 Re6+ 47.Kf4 Kd7 48.Kg3 Re3 49.b6 Kc8 50.Rb5  1-0

[Event "CRO-ch (Women)"]
[Site "Pula"]
[Date "1998.01.12"]
[Round "3"]
[White "Belamaric, Tanja"]
[Black "Trtanj, Tina"]
[Result "0-1"]
[WhiteElo "2220"]
[BlackElo "2105"]

1.d4 d5 2.c4 e6 3.Nf3 Nf6 4.g3 Be7 5.Bg2 O-O 6.O-O Nbd7 7.Qc2 c6 8.Nbd2 Re8
9.b3 Bd6 10.e4 dxe4 11.Nxe4 Nxe4 12.Qxe4 e5 13.Bb2 Nf6 14.Qc2 e4 15.Ne5 Bf5
16.c5 Bc7 17.b4 Nd5 18.Qd2 Qe7 19.Nc4 Rad8 20.Ne3 Bg6 21.Nxd5 Rxd5 22.Rfe1 f5
23.f4 Bf7 24.Qe3 Bd8 25.Bf1 Rd7 26.a4 Qe6 27.Bc3 Bf6 28.Red1 Red8 29.Rd2 Qb3
30.Rad1 Bh5 31.Be2 Bxe2 32.Rxe2  0-1

[Event "Ubeda op"]
[Site "Ubeda"]
[Date "1998.01.20"]
[Round "1"]
[White "Filippov, Valerij"]
[Black "Martinovsky, Eugene"]
[Result "1-0"]
[WhiteElo "2595"]
[BlackElo "2365"]

1.Nf3 d5 2.d4 Nf6 3.c4 e6 4.g3 Be7 5.Bg2 O-O 6.O-O c6 7.Nc3 b6 8.Ne5 Nfd7
9.cxd5 Nxe5 10.dxe5 exd5 11.Nxd5 Bb7 12.Nxe7+ Qxe7 13.Qd6 Re8 14.Rd1 Na6
15.Bf4 Nb4 16.Qxe7 Rxe7 17.Rd6 Rae8 18.Bd2 Nd5 19.f4 Re6 20.e4 Nc7 21.a4 a5
22.Rd1 c5 23.Bc3 Kf8 24.Kf2 Rxd6 25.Rxd6 Re6 26.f5 Rxd6 27.exd6 Na6 28.Bxg7+ Ke8
29.e5 Bxg2 30.Kxg2 Nb4 31.e6 Nd5 32.d7+  1-0

[Event "Ubeda op"]
[Site "Ubeda"]
[Date "1998.01.21"]
[Round "2"]
[White "Iljushin, Alexei"]
[Black "Piankov, Evgenij"]
[Result "1-0"]
[WhiteElo "2460"]
[BlackElo "2385"]

1.d4 d5 2.c4 e6 3.Nf3 Nf6 4.g3 Be7 5.Bg2 O-O 6.O-O c6 7.Qc2 b6 8.Nbd2 Ba6
9.b3 Nbd7 10.Bb2 Rc8 11.Rac1 c5 12.Qb1 b5 13.cxd5 exd5 14.dxc5 Bxc5 15.Bh3 Rc7
16.Qa1 Qe7 17.b4 Bb6 18.Rxc7 Bxc7 19.Bxd7 Qxd7 20.Bxf6 gxf6 21.Qxf6 Bc8 22.Nd4 Bd8
23.Qf4 Qg4 24.Qxg4+ Bxg4 25.f3 Bb6 26.Nb3 Bd7 27.Rc1 Ra8 28.Kf2 Kf8 29.Ke3 Ke7
30.Kd3 a5 31.Nc6+ Kd6 32.bxa5 Bf2 33.Ncd4 Re8 34.e4 dxe4+ 35.fxe4 Rd8 36.Rc5 Be6
37.Rxb5 Ke7 38.Kc3 Bg4 39.a6 Rf8 40.Re5+ Kd7 41.Rd5+ Kc7 42.a4 Ra8 43.Nb5+ Kc8
44.Rg5 Be1+ 45.Kb2  1-0

[Event "Ubeda op"]
[Site "Ubeda"]
[Date "1998.01.28"]
[Round "9"]
[White "Timoshenko, Georgy"]
[Black "Asrian, Karen"]
[Result "1/2-1/2"]
[WhiteElo "2560"]
[BlackElo "2555"]

1.d4 d5 2.c4 e6 3.Nf3 Nf6 4.g3 Be7 5.Bg2 O-O 6.O-O dxc4 7.Qc2 a6 8.a4 Bd7
9.Rd1 Bc6 10.Nc3 Bxf3 11.Bxf3 Nc6 12.Bxc6 bxc6 13.Bg5 Nd5 14.Bxe7 Qxe7 15.Ne4 Rfb8
16.Qxc4 Rxb2 17.Rab1 Qb4 18.Qxc6 Rxb1 19.Qxa8+ Qb8 20.Qxb8+ Rxb8 21.Nc5 Nc3
22.Rd2 a5 23.Rc2 Nd5 24.e4 Rb1+ 25.Kg2 Nb4 26.Rc4 g5 27.Nd7 Nd3 28.Rxc7 Kg7
29.d5 exd5 30.exd5 g4 31.f4 Rb2+ 32.Kf1 Rf2+ 33.Kg1 Re2 34.Nc5 Re1+ 35.Kg2 Re2+
36.Kf1 Re1+ 37.Kg2 Re2+ 38.Kf1 Re1+ 39.Kg2 Re2+ 40.Kf1 Re1+  1/2-1/2

[Event "AUT-chT3 9798"]
[Site "Vorarlberg "]
[Date "1998.02.13"]
[Round "8"]
[White "Amann, Guenter"]
[Black "Donev, Ivo Hristov"]
[Result "0-1"]
[WhiteElo "2260"]
[BlackElo "2420"]

1.Nf3 d5 2.c4 e6 3.d4 Nf6 4.g3 Be7 5.Bg2 O-O 6.O-O dxc4 7.Qc2 a6 8.Qxc4 b5
9.Qc2 Bb7 10.Bg5 Nbd7 11.Bxf6 Nxf6 12.Nbd2 Rc8 13.Nb3 c5 14.dxc5 Be4 15.Qc3 Bd5
16.Ne1 Bxg2 17.Nxg2 Ne4 18.Qe5 Nxc5 19.Rfd1 Qb6 20.Nxc5 Bxc5 21.e3 Be7 22.Nf4 Rc2
23.Nd5 exd5 24.Qxe7 Qe6 25.Qg5 Rxb2 26.Qxd5 Qf6 27.Rf1 Rxf2 28.e4 Rxf1+ 29.Rxf1 Qb6+
30.Kg2 h6 31.e5 Qe6 32.Qxe6 fxe6 33.Rc1 Rd8 34.Rc2 Rd5 35.Re2 Kf7 36.Kf3 Rd3+
37.Ke4 Rc3 38.Rd2 Ke7 39.Kf4 a5 40.h4 b4 41.Rb2 Kd7 42.Rd2+ Kc7 43.Rd6 Rc6
44.Rd2 a4 45.Kg4 b3 46.axb3 axb3 47.Rb2 Rb6  0-1

[Event "CZE-chT 9798"]
[Site "CZE"]
[Date "1998.03.07"]
[Round "8"]
[White "Tibensky, Robert"]
[Black "Jaworski, Miroslaw"]
[Result "1/2-1/2"]
[WhiteElo "2435"]
[BlackElo "2395"]

1.d4 d5 2.Nf3 Nf6 3.c4 e6 4.g3 Be7 5.Bg2 O-O 6.O-O c6 7.Qc2 Nbd7 8.Rd1 b6
9.Bf4 Bb7 10.Ne5 Rc8 11.Nc3 Nh5 12.Be3 f5 13.f4 Nhf6 14.h3 Nxe5 15.dxe5 Nd7
16.Bf2 Kh8 17.a3  1/2-1/2

[Event "Belgrade (Women)"]
[Site "Belgrade"]
[Date "1998.03.08"]
[Round "5"]
[White "Prudnikova, Svetlana"]
[Black "Vasilevich, Tatjana"]
[Result "1/2-1/2"]
[WhiteElo "2420"]
[BlackElo "2410"]

1.Nf3 d5 2.d4 Nf6 3.c4 e6 4.g3 Be7 5.Bg2 O-O 6.O-O b6 7.Nc3 Bb7 8.cxd5 exd5
9.Qc2 Nbd7 10.Rd1 Re8 11.Bf4 c6 12.Rac1 Nf8 13.Ne5 Ne6 14.Be3 Bd6 15.f4 Qe7
16.Bf2 Bxe5 17.fxe5 Ng4 18.e4 Red8 19.exd5 cxd5 20.Qf5 Nxf2 21.Qxf2 Qd7 22.Ne2 Rac8
23.Nf4 Nxf4 24.Qxf4 Rxc1 25.Rxc1 Rc8 26.a3 Rxc1+ 27.Qxc1 h6 28.h3 Ba6 29.Kh2 Bd3
30.Qe3 Bf5 31.g4 Be6 32.Kg3 Qb5 33.Qd2 Qb3+ 34.Bf3 Qc4 35.Be2 Qc7 36.Bd3 Qe7
37.h4 Qd7 38.g5 Bf5 39.gxh6 Bxd3 40.Qxd3 gxh6 41.Kf4 Qc6 42.Kg4 Kg7 43.Qf5 b5
44.Kh5 Qg6+ 45.Qxg6+ fxg6+ 46.Kg4  1/2-1/2

[Event "AUT-chT2S 9798"]
[Site "Austria"]
[Date "1998.03.14"]
[Round "10"]
[White "Ftacnik, Lubomir"]
[Black "Brestian, Egon"]
[Result "1-0"]
[WhiteElo "2585"]
[BlackElo "2440"]

1.d4 d5 2.c4 e6 3.Nf3 Nf6 4.g3 Be7 5.Bg2 O-O 6.O-O a6 7.Nc3 dxc4 8.Ne5 c5
9.dxc5 Bxc5 10.Nxc4 Nc6 11.Bf4 Qe7 12.Bd6 Bxd6 13.Qxd6 Qxd6 14.Nxd6 Rb8 15.Rfd1 Rd8
16.Rd2 Ne8 17.Nce4 Kf8 18.Rad1 Ke7 19.f4 f5 20.Nxe8 Rxd2 21.Rxd2 Kxe8 22.Ng5 h6
23.Bxc6+ bxc6 24.Nf3 c5 25.Ne5 Bb7 26.Rd6 Bd5 27.b3 Ra8 28.Rd7 c4 29.bxc4 Bxc4
30.a4 Rb8 31.Rxg7 Rb1+ 32.Kf2 Bd5 33.Rh7 Ra1 34.Rxh6 Rxa4 35.h4 Ra1 36.h5 a5
37.Rh8+ Ke7 38.h6 Rh1 39.h7 Rh2+ 40.Ke3 a4 41.Rc8  1-0

[Event "POL-ch"]
[Site "Ksiaz"]
[Date "1998.03.18"]
[Round "6"]
[White "Markowski, Tomasz"]
[Black "Grabarczyk, Miroslaw"]
[Result "1/2-1/2"]
[WhiteElo "2505"]
[BlackElo "2505"]

1.g3 Nf6 2.Bg2 d5 3.Nf3 e6 4.c4 Be7 5.d4 O-O 6.O-O c6 7.Qc2 Nbd7 8.b3 b6
9.Bb2 Bb7 10.Nc3 Qc7 11.Rad1 Rad8 12.e4 dxe4 13.Nxe4 c5 14.Nxf6+ Nxf6 15.Qe2 Rfe8
16.Rfe1 Qc8 17.Ne5 cxd4 18.Bxd4 Bb4 19.Rf1 Bf8 20.Bb2 Be7 21.Bf3 Rxd1 22.Rxd1 Rd8
23.Rxd8+ Bxd8 24.Qd3 Be7 25.Kg2 Kf8 26.Bxb7 Qxb7+ 27.Qf3 Qxf3+ 28.Kxf3 Bd6
29.g4 h5 30.h3 hxg4+ 31.hxg4 Ke8 32.Bd4 Bc7 33.b4 a6 34.a4 Ke7 35.b5 axb5
36.axb5 Ne8 37.Ke3 Nd6 38.Kd3 f6 39.Nc6+ Kd7 40.f3 Nf7 41.Nb4 Ng5 42.f4 Nf7
43.f5 Nd6 44.fxe6+ Kxe6 45.Nd5 Nxb5 46.Nxc7+ Nxc7 47.Bxb6  1/2-1/2

[Event "Amber-blind 7th"]
[Site "Monte Carlo"]
[Date "1998.03.20"]
[Round "7"]
[White "Ivanchuk, Vassily"]
[Black "Kramnik, Vladimir"]
[Result "1-0"]
[WhiteElo "2740"]
[BlackElo "2790"]

1.d4 Nf6 2.c4 e6 3.Nf3 d5 4.g3 Be7 5.Bg2 O-O 6.Qc2 c5 7.O-O cxd4 8.Nxd4 Nc6
9.Nxc6 bxc6 10.b3 Ba6 11.Bb2 Rc8 12.Nd2 d4 13.Rfe1 c5 14.e3 e5 15.Nf3 Bd6
16.Rad1 Re8 17.exd4 cxd4 18.Ng5 g6 19.f4 Bc5 20.Qd2 Qb6 21.fxe5 Bb4 22.Qf2 Bxe1
23.Rxe1 d3 24.Bd4 Qd8 25.Nxf7 Ng4 26.Qf4 Qa5 27.Rf1 Rf8 28.e6 Qh5 29.Qxg4  1-0

[Event "New York op"]
[Site "New York"]
[Date "1998.03.20"]
[Round "7"]
[White "Filippov, Valerij"]
[Black "Sulskis, Sarunas"]
[Result "0-1"]
[WhiteElo "2595"]
[BlackElo "2485"]

1.Nf3 d5 2.d4 Nf6 3.c4 e6 4.g3 Be7 5.Bg2 O-O 6.O-O dxc4 7.Qc2 a6 8.a4 Bd7
9.Qxc4 Bc6 10.Bg5 Nbd7 11.Nc3 a5 12.Rfe1 Bxf3 13.Bxf3 c6 14.e4 e5 15.Rad1 Qb6
16.Be3 Qb4 17.Qe2 Rfe8 18.Bg2 Bf8 19.h3 Qb3 20.Rd3 exd4 21.Bxd4 Qc4 22.f4 Bc5
23.Qd2 Bb4 24.e5 Nc5 25.Bxc5 Qxc5+ 26.Kh2 Nd5 27.Bxd5 cxd5 28.Rxd5 Qc6 29.Re3 f6
30.h4 fxe5 31.fxe5 Re6 32.Rd8+ Rxd8 33.Qxd8+ Re8 34.Qd5+ Qxd5 35.Nxd5 Bc5
36.Re2 Rd8 37.Nf4 Kf7 38.Kg2 Rd4 39.b3 b6 40.Kf3 Rb4 41.Rb2 Rd4 42.Rc2 g6
43.Rc3 h6 44.Rd3 g5 45.Rxd4 Bxd4 46.Nd3 Ke6 47.Ke4 Bc3 48.h5 Ba1 49.g4 Bc3
50.Nc1 Bb2 51.Nd3 Bc3 52.Nf2 Bxe5 53.Nd1 Bf4 54.Kd4 Bd6 55.Ke4 Bf4 56.Nc3 Bd6
57.Nd5 Bc5 58.Nc7+ Kd7 59.Na6 Ke6 60.Nb8 Bf2 61.Nc6 Bc5 62.Ne5 Bf2 63.Nc4 Bc5
64.Nb2 Ba3 65.Nd1 Bc5 66.Nc3 Bd6 67.Nd1 Bc5 68.Nb2 Ba3 69.Nd3 Bc5 70.Ne5 Bf2
71.Nc6 Bc5 72.Na7 Bf2 73.Nb5 Bc5 74.Nc7+ Kd7 75.Kf5 Kxc7 76.Kg6 Kd7 77.Kxh6 Be3
78.Kg6 Ke7 79.Kg7 Ke6 80.h6 Ke5  0-1

[Event "CZE-chT 9798"]
[Site "CZE"]
[Date "1998.04.05"]
[Round "11"]
[White "Jirovsky, Pavel"]
[Black "Cech, Pavel"]
[Result "0-1"]
[WhiteElo "2395"]
[BlackElo "2360"]

1.d4 Nf6 2.Nf3 d5 3.c4 e6 4.g3 Be7 5.Bg2 O-O 6.O-O dxc4 7.Qc2 a6 8.a4 Bd7
9.Qxc4 Bc6 10.Qc2 Be4 11.Qd1 c5 12.dxc5 Qxd1 13.Rxd1 Bxc5 14.Nc3 Bc6 15.Ne5 Bxg2
16.Kxg2 Nc6 17.Nxc6 bxc6 18.Bf4 Rfc8 19.Rac1 Kf8 20.h3 Be7 21.e4 Ke8 22.Be5 Ra7
23.f4 Rb7 24.Rc2 Rb4 25.Kf3 Rd8 26.Rxd8+ Kxd8 27.Rd2+ Ke8 28.g4 g6 29.g5 Nd7
30.Bd6 Rb3 31.e5 Nb6 32.Bxe7 Kxe7 33.Rd6 Nxa4 34.Rxc6 Nxb2 35.Ke2 Rb4 36.Ke3 Rc4
37.Rxc4 Nxc4+ 38.Kd4 Nd2 39.Ne4 Nxe4 40.Kxe4 Kd7 41.Kd4 Kc6  0-1

[Event "Frohnleiten"]
[Site "Frohnleiten"]
[Date "1998.04.06"]
[Round "4"]
[White "Ebner, Hubert"]
[Black "Laschet, Ewald"]
[Result "1/2-1/2"]
[WhiteElo "2300"]
[BlackElo "2275"]

1.d4 Nf6 2.c4 e6 3.g3 d5 4.Nf3 Be7 5.Bg2 O-O 6.O-O Nbd7 7.Qc2 c6 8.b3 dxc4
9.Qxc4 Qa5 10.Bb2 Bd6 11.Nbd2 e5 12.Qc2 Qc7 13.Nc4 exd4 14.Nxd4 Nb6 15.Nxd6 Qxd6
16.Rad1 Qe7 17.Nf5 Bxf5 18.Qxf5 Rad8 19.e4 Rxd1 20.Rxd1 Rd8 21.Rxd8+ Qxd8
22.Qa5 Qd1+ 23.Bf1 Nc8 24.Qc7 Qd7 25.Qxd7 Nxd7 26.Bh3 Ncb6 27.a4 Nc5 28.a5 Na8
29.b4 Nd3 30.Bd4 b6 31.Bc3 c5 32.bxc5 Nxc5 33.Bc8 bxa5 34.Bxa5 Nb6 35.Bh3 Nxe4
36.Bf5 Nd6 37.Bd3 g6 38.Bb4 Ndc8 39.Ba6 Kg7 40.Kg2 Kf6 41.Kf3 Ke6 42.h4 Nd6
43.Kg4 h5+ 44.Kh3 f5 45.Bd2 Nd5 46.f3 Nc7 47.Bd3 Nd5 48.g4 a5 49.Bc2 Nc4
50.Be1 Ndb6 51.Kg3 Nd5  1/2-1/2

[Event "AUT-ch U18"]
[Site "Koestendorf"]
[Date "1998.04.07"]
[Round "4.2"]
[White "Becker, Christoph"]
[Black "Fuchs, Georg"]
[Result "1/2-1/2"]
[WhiteElo "1950"]
[BlackElo "2130"]

1.d4 d5 2.c4 e6 3.Nf3 Nf6 4.g3 Be7 5.Bg2 O-O 6.O-O b6 7.cxd5 exd5 8.Nc3 c5
9.Ne5 Bb7 10.Bf4 Nbd7 11.Qd2 Rc8 12.Rad1 Re8 13.Nxd7 Qxd7 14.dxc5 Bxc5 15.Bg5 Bb4
16.Bxf6 gxf6 17.e3 Red8 18.Qd4 Bxc3 19.bxc3 Qe6 20.c4 dxc4 21.Qxd8+ Rxd8
22.Rxd8+ Kg7 23.Bxb7 Qe7 24.Rd4 Qxb7 25.Rg4+ Kf8 26.Rxc4 b5 27.Rb1 Qd5 28.Rcb4 Qxa2
29.Rxb5 a5 30.Rb8+ Kg7 31.R1b6 Qa1+ 32.Rb1 Qa2 33.R8b2 Qa4 34.Rb5 Qa2 35.R5b2 Qa3
36.Rb3 Qa2 37.R1b2 Qa1+ 38.Rb1 Qa2 39.R1b2 Qa1+ 40.Rb1 Qa2 41.R1b2 Qa1+  1/2-1/2

[Event "Dreifluesse op"]
[Site "Passau"]
[Date "1998.04.10"]
[Round "1"]
[White "Schenk, Uwe"]
[Black "Lachenmaier, Stefan"]
[Result "1-0"]
[WhiteElo "2190"]
[BlackElo "1805"]

1.d4 d5 2.Nf3 Nf6 3.c4 e6 4.g3 Be7 5.Bg2 O-O 6.O-O c6 7.Qc2 Nbd7 8.b3 Re8
9.Rd1 Ne4 10.Bb2 f5 11.Ne1 Bd6 12.Nd3 Qf6 13.f3 Ng5 14.Nd2 Qh6 15.Nf2 Nf6
16.e4 fxe4 17.fxe4 e5 18.cxd5 cxd5 19.exd5 Nh3+ 20.Nxh3 Bxh3 21.Nc4 Rac8
22.Bxh3 Qxh3 23.Qg2 Qxg2+ 24.Kxg2 exd4 25.Nxd6 Rc2+ 26.Kg1 Ree2 27.Bxd4 Ng4
28.Rd3 Nxh2 29.Rc3 Rg2+ 30.Kh1 Nf3 31.Rxf3  1-0

[Event "Dreifluesse op"]
[Site "Passau"]
[Date "1998.04.10"]
[Round "2"]
[White "Zeh, Rudolf"]
[Black "Hamm, Stefan"]
[Result "1/2-1/2"]
[WhiteElo "1900"]
[BlackElo "2260"]

1.d4 Nf6 2.Nf3 d5 3.c4 e6 4.g3 Be7 5.Bg2 O-O 6.O-O Nbd7 7.Qc2 c6 8.b3 b6
9.Nbd2 Bb7 10.Bb2 Rc8 11.Rfd1 Qc7 12.Rac1 Qb8 13.Ne5 Nxe5 14.dxe5 Nd7 15.Nf3 Rfd8
16.h4 dxc4 17.Qxc4 c5 18.Qf4 h6 19.e4 Nf8 20.Qe3 Rxd1+ 21.Rxd1 Rd8 22.Rd2 Qa8
23.Rxd8 Qxd8 24.Nd2 b5 25.Bf1 a6 26.a3 Nd7 27.Qd3 Qc7 28.f4 Nb6 29.Kh2 Bc6
30.a4 c4 31.bxc4 Nxa4 32.cxb5 Nxb2 33.Qc2 axb5 34.Bxb5 Qb6 35.Qxc6 Qf2+ 36.Kh3 Qxd2
37.Qe8+ Bf8 38.f5 Nd1 39.fxe6 Nf2+ 40.Kg2 Ng4+ 41.Kh3 Nf2+ 42.Kg2 Ng4+  1/2-1/2

[Event "Dreifluesse op"]
[Site "Passau"]
[Date "1998.04.12"]
[Round "6"]
[White "Meyer, Joerg Dieter"]
[Black "Spiel, Marianne"]
[Result "1/2-1/2"]
[WhiteElo "1874"]
[BlackElo "2140"]

1.d4 Nf6 2.Nf3 d5 3.g3 e6 4.Bg2 Be7 5.c4 O-O 6.O-O Nbd7 7.Qc2 c5 8.cxd5 exd5
9.dxc5 Nxc5 10.Nc3 Be6 11.Nd4 Rc8 12.Qd1 Qd7 13.Bg5 Rfd8 14.Rc1 Bh3 15.Bxf6 Bxf6
16.e3 Bxg2 17.Kxg2 Ne6 18.Qd2 Ng5 19.f3 g6 20.Nce2 a6  1/2-1/2